| 000 | nam a22 a 4500 | ||
|---|---|---|---|
| 999 |
_c1836 _d1836 |
||
| 003 | AKMAL | ||
| 005 | 20170512101208.0 | ||
| 008 | 170512s1978 -uk 00 eng d | ||
| 040 |
_aAKMAL _cAKMAL |
||
| 082 | 0 | 4 | _a340.0959 HOO |
| 090 | 0 | 0 |
_a340.0959 _bHOO |
| 100 | 1 |
_aHooker, M. B. _93808 |
|
| 245 | 1 | 2 |
_aA concise legal history of South-East Asia / _cM. B. Hooker |
| 260 |
_aOxford : _bClarendon Press, _c1978 |
||
| 300 | 0 | 0 |
_axvi, 289p. ; _c23cm |
| 500 | _aIncludes index | ||
| 504 | _aBibliography: p. [239]-265 | ||
| 650 | 0 |
_aLaw _xHistory _zAsia, Southeastern _93809 |
|
| 942 |
_2ddc _cBOOK |
||